| 000 | 02413nam0a22003371 4500 | ||
|---|---|---|---|
| 001 | v19\rc\1622211 | ||
| 005 | 20061002121402.7 | ||
| 035 | _a(NLR Aleph) 004739520 | ||
| 090 |
_a4486382 _c4486382 |
||
| 100 | _a20061002d1898 |||y0rusy50 ca | ||
| 101 | 1 |
_arus _ceng |
|
| 102 | _aRU | ||
| 105 | _ay z ||||| | ||
| 200 | 1 |
_aСистема счетоводства, специально приспособленная для употребления в промышленных и сберегательных (потребительных) обществах _eС прил.: 1) образцового устава кооп. (потребительного) о-ва с огран. отв., 2) устава Кооп. о-ва оптовой торговли с огран. отв. и 3) Устава Кооп. союза с огран. отв. _fПер. с англ. [и снабдил предисл.] И.Ф. Жеребятьев, секр. Постоянной комис. по делам потреб. обществ |
|
| 210 |
_aСанкт-Петербург _cС.-Петерб. отд-ние Ком. о сел. ссудо-сберегат. и пром. т-вах _d1898 |
||
| 215 |
_a[2], II, 231 с. _d25 |
||
| 300 | _aИз предисл.: "Сост. первоначально в 1880 г. гг. Эплби (W. Appleby), Бэли (H.K. Bailey) и Смитом (I. Smith'ом)..." | ||
| 464 | 0 | _12001#$aОбразцовый устав кооперативного (потребительного) общества с ограниченной ответственностью | |
| 464 | 0 | _12001#$aУстав Кооперативного общества оптовой торговли с ограниченной ответственностью | |
| 464 | 0 | _12001#$aУстав Кооперативного союза с ограниченной ответственностью | |
| 702 | 1 |
_aЖеребятьев _bИ. Ф. _gИван Федорович _4730 |
|
| 712 | 0 | 2 |
_aКомитет о сельских ссудосберегательных и промышленных товариществах _cМосква _bПетербургское отделение |
| 801 | 0 |
_aRU _bNLR _gpsbo |
|
| 801 | 0 |
_aRU _bRuMoRGB _2psbo |
|
| 801 | 1 |
_aRU _bProSoft-M _2rusmarc |
|
| 852 |
_aNLR _j20.107.5.28 |
||
| 852 |
_aNLR _j34.5.2.64 |
||
| 899 |
_aRuMoRGB _jR 8/883 |
||
| 899 | _aБАН | ||
| 942 | _cBOOK | ||
| 980 | _aNB | ||